Pešek, J.: Štátna bezpečnosť na Slovensku 1948-1953

Bibliographic Details
Main Authors: Sikora, Stanislav, 1949- (Author), Pešek, Jan, 1949- (Author)
Format: Article
Language:Slovak
ISSN:0018-2575
Subjects:

MARC

LEADER 00000nab a2200000 a 4500
001 vtls000612725
003 SK-MaSNL
005 20260426101838.0
008 250425c1996 xo 0 slo
015 |a SNBRB19rr/mm-uuuuu 
035 |a CL0612864 
035 |a (urnnbn)urn:nbn:sk:snk:ar-004rsk 
035 |a (uuid)6d113f18-a112-4780-bd26-c9a06aa79489 
035 |a urn:nbn:sk:snk-ab7wnk 
040 |a SNKBUCL  |b slo  |c SNKBUCL  |e AACR2 
041 0 |a slo 
044 |a xo  |c SK 
080 |a 351.746.1(437.6)(091)  |2 1981 
080 |a 943.76"1948/1953"(048)  |2 1981 
100 1 |a Sikora, Stanislav,  |d 1949-  |4 aut  |9 203238 
245 1 0 |a Pešek, J.: Štátna bezpečnosť na Slovensku 1948-1953  |c Stanislav Sikora 
610 1 7 |a Československo.  |b Štátna bezpečnosť  |2 snkbucl  |9 165034 
648 7 |a 1948-1953  |2 snkbucl  |9 313163 
651 7 |a Slovensko  |2 SNKPH  |9 14231 
655 7 |a články z novín a časopisov  |2 snkbucl  |9 267496 
700 1 |a Pešek, Jan,  |d 1949-  |4 aut  |9 85425 
773 0 |t Historický časopis  |g Roč. 44, č. 3 (1996), s. 534-536  |x 0018-2575 
787 0 8 |i Rec.:  |a Pešek, Jan  |t Štátna bezpečnosť na Slovensku 1948-1953  |d Bratislava : Veda, 1996 
850 |a Slovenská národná knižnica 
852 |a Slovenská národná knižnica 
954 |a odborná, vedecká literatúra pôvodná (slovenská)  |2 lita 
958 |a article9 
958 |a OND 
958 |a SK 
958 |a RK 
958 |a EUIPO 
992 |a RBX 
999 |c 3241021  |d 3242951